| 000 | 00360 a2200133 4500 | ||
|---|---|---|---|
| 005 | 20250626095728.0 | ||
| 020 | _a9780821359846 | ||
| 082 | _a332.042 WOR | ||
| 111 | _aWORLD BANK | ||
| 245 | _aGlobal Development Finance: Mobilizing Finance and Managing Vulnerability | ||
| 260 |
_aAppendix _bTHE WORLD BANK _c2005 |
||
| 300 |
_aXiii,171 _c25cm |
||
| 942 |
_2ddc _cBKS |
||
| 999 |
_c5276 _d5276 |
||